|
|
|
|
| LEADER |
00836nam a22002057a 4500 |
| 001 |
c000104479 |
| 003 |
CARM |
| 005 |
20221105153142.0 |
| 008 |
981209s1910 gw af 01000 ger d |
| 019 |
1 |
|
|a 14292105
|5 LACONCORD2021
|
| 035 |
|
|
|a (OCoLC)222382504
|5 LACONCORD2021
|
| 040 |
|
|
|a VU
|c VU
|
| 245 |
0 |
0 |
|a Dem Hamburger Dermatologen P.G. Unna gewidmet von Freunden und Schulern zum sechzigsten Geburtstage.
|p Teil 1.
|
| 260 |
|
|
|a Hamburg :
|b Voss,
|c 1910.
|
| 300 |
|
|
|a 733 p., [20] l. of plates :
|b ill., port. ;
|c 24 cm.
|
| 490 |
0 |
|
|a Dermatologische Studien ;
|v Bd. 20
|
| 650 |
|
0 |
|a Dermatology.
|
| 852 |
8 |
|
|b CARM
|h AX:AXXXXX
|i X00000
|p 0143698
|z no loc
|f BK
|
| 999 |
f |
f |
|i 9e229a10-1673-5025-93d4-6eff2caba9f1
|s 861770f7-99ae-559f-8d43-b98f5859c604
|
| 952 |
f |
f |
|p Can circulate
|a CAVAL
|b CAVAL
|c CAVAL
|d CARM 1 Store
|e X00000
|f AX:AXXXXX
|h Other scheme
|i book
|m 0143698
|